000 00593nam a2200241Ia 4500
003 OSt
005 20221005121018.0
006 a|||||r|||| 00| 0
007 ta
008 221004b |||||||| |||| 00| 0 tam d
024 _a46377
037 _cTextual
040 _aCRL
_cCRL
_btam
041 _2tam
_atam
082 _aV2:51xM69w, 31J5
100 _aSubbu
_9629949
245 0 _aGandhi mahan rathal
260 _c1955
300 _a266
_ccm.
650 _aGANDHI, MAHATAMA
_94156
942 _hV2:51xM69w, 31J5
_cTEXL
_2cc
999 _c1039834
_d1039834